Statistics for Top 10 Least Populous Counties of England

Click here to take the quiz!

General Stats

  • This quiz has been taken 18 times
  • The average score is 6 of 10

Answer Stats

Population County % Correct
568,210Cornwall
92%
39,697Rutland
83%
498,888Cumbria
83%
320,274Northumberland
67%
141,538Isle of Wight
58%
192,107Herefordshire
58%
463,405Bristol
42%
498,073Shropshire
42%
8,706City of London
33%
571,010Warwickshire
33%

Score Distribution

Percentile by Number Answered

Percent of People with Each Score

Your Score History

You have not taken this quiz